<?xml version="1.0" encoding="UTF-8"?>
<record
    xmlns:xsi="http://www.w3.org/2001/XMLSchema-instance"
    xsi:schemaLocation="http://www.loc.gov/MARC21/slim http://www.loc.gov/standards/marcxml/schema/MARC21slim.xsd"
    xmlns="http://www.loc.gov/MARC21/slim">

  <leader>00765nam a2200157Ia 4500</leader>
  <controlfield tag="008">090124s9999    xx            000 0 und d</controlfield>
  <datafield tag="082" ind1=" " ind2=" ">
    <subfield code="b">28908</subfield>
  </datafield>
  <datafield tag="245" ind1=" " ind2=" ">
    <subfield code="a"> &#x921;&#x949;. &#x936;&#x94D;&#x930;&#x940;&#x927;&#x930; &#x935;&#x94D;&#x92F;&#x902;&#x915;&#x91F;&#x947;&#x936; &#x915;&#x947;&#x924;&#x915;&#x930; &#x939;&#x94D;&#x92F;&#x93E;&#x902;&#x91A;&#x947; &#x935;&#x93E;&#x919;&#x94D;&#x92E;&#x92F;&#x935;&#x93F;&#x937;&#x92F;&#x915; &#x932;&#x947;&#x916;</subfield>
  </datafield>
  <datafield tag="250" ind1=" " ind2=" ">
    <subfield code="a">1</subfield>
  </datafield>
  <datafield tag="260" ind1=" " ind2=" ">
    <subfield code="b">&#x92E;&#x930;&#x93E;&#x920;&#x940; &#x938;&#x902;&#x936;&#x94B;&#x927;&#x928; &#x92E;&#x902;&#x921;&#x934;</subfield>
    <subfield code="c">1974</subfield>
  </datafield>
  <datafield tag="300" ind1=" " ind2=" ">
    <subfield code="a">270</subfield>
  </datafield>
  <datafield tag="630" ind1=" " ind2=" ">
    <subfield code="a"> &#x921;&#x949;. &#x936;&#x94D;&#x930;&#x940;&#x927;&#x930; &#x935;&#x94D;&#x92F;&#x902;&#x915;&#x91F;&#x947;&#x936; &#x915;&#x947;&#x924;&#x915;&#x930; &#x939;&#x94D;&#x92F;&#x93E;&#x902;&#x91A;&#x947; &#x935;&#x93E;&#x919;&#x94D;&#x92E;&#x92F;&#x935;&#x93F;&#x937;&#x92F;&#x915; &#x932;&#x947;&#x916;</subfield>
  </datafield>
  <datafield tag="700" ind1=" " ind2=" ">
    <subfield code="a">&#x916;&#x93E;&#x928;&#x94B;&#x932;&#x915;&#x930; &#x917;&#x902;.&#x926;&#x947;.</subfield>
  </datafield>
  <datafield tag="730" ind1=" " ind2=" ">
    <subfield code="a"> &#x921;&#x949;. &#x936;&#x94D;&#x930;&#x940;&#x927;&#x930; &#x935;&#x94D;&#x92F;&#x902;&#x915;&#x91F;&#x947;&#x936; &#x915;&#x947;&#x924;&#x915;&#x930; &#x939;&#x94D;&#x92F;&#x93E;&#x902;&#x91A;&#x947; &#x935;&#x93E;&#x919;&#x94D;&#x92E;&#x92F;&#x935;&#x93F;&#x937;&#x92F;&#x915; &#x932;&#x947;&#x916;</subfield>
  </datafield>
  <datafield tag="942" ind1=" " ind2=" ">
    <subfield code="c">BOOK</subfield>
  </datafield>
  <datafield tag="999" ind1=" " ind2=" ">
    <subfield code="c">95599</subfield>
    <subfield code="d">95599</subfield>
  </datafield>
  <datafield tag="952" ind1=" " ind2=" ">
    <subfield code="0">0</subfield>
    <subfield code="1">0</subfield>
    <subfield code="4">0</subfield>
    <subfield code="7">0</subfield>
    <subfield code="a">THNNWM</subfield>
    <subfield code="b">THNNWM</subfield>
    <subfield code="d">0000-00-00</subfield>
    <subfield code="g">20.00</subfield>
    <subfield code="l">0</subfield>
    <subfield code="o">28908</subfield>
    <subfield code="p">THNNWM-28908</subfield>
    <subfield code="r">2009-01-24 00:00:00</subfield>
    <subfield code="v">20.00</subfield>
    <subfield code="w">2009-01-24</subfield>
    <subfield code="y">BOOK</subfield>
  </datafield>
</record>
